Priame porovnanie teoretických výpočtov so spektroskopiou, elektrochémiou a nábojovou hustotou z RTG experimentu
Enregistré dans:
| Auteur principal: | |
|---|---|
| Autres auteurs: | |
| Format: | Manuscrit Livre |
| Langue: | slovaque |
| Publié: |
2021
|
| Sujets: | |
| Accès en ligne: | http://is.stuba.sk/zp/portal_zp.pl?podrobnosti=145786 |
| Tags: |
Pas de tags, Soyez le premier à ajouter un tag!
|
MARC
| LEADER | 00000ntm a22000003a 4500 | ||
|---|---|---|---|
| 001 | stuzp66212 | ||
| 003 | SK-STU | ||
| 005 | 20210828210354.3 | ||
| 007 | ta | ||
| 008 | 150427s2015----xo-----f-mn---000-0-slo-d | ||
| 040 | |a STU |b slo | ||
| 041 | 0 | |a slo | |
| 100 | 1 | |a Vénosová, Barbora |u 045280 |4 aut |U FCHPT Ústav fyzikálnej chémie a chemickej fyziky |T FCHPT Oddelenie chemickej fyziky |X 42923 |U C5280 |Y 118 |7 42923 | |
| 242 | 0 | 1 | |a A direct comparison of theoretical calculations with spectroscopy, electrochemistry and charge density from X-ray experiment |y eng |
| 245 | 1 | 0 | |a Priame porovnanie teoretických výpočtov so spektroskopiou, elektrochémiou a nábojovou hustotou z RTG experimentu |
| 260 | |c 2021 | ||
| 650 | 4 | |a elektrónová hustota |2 slo | |
| 650 | 4 | |a CO2 redukcia |2 slo | |
| 650 | 4 | |a RTG |2 slo | |
| 650 | 4 | |a komplexy prechodných kovov |2 slo | |
| 650 | 4 | |a kov-kov interakcia |2 slo | |
| 650 | 4 | |a N-O väzba |2 slo | |
| 650 | 4 | |a kvantovo-chemické výpočty |2 slo | |
| 650 | 4 | |a quantum-chemical calculations |2 eng | |
| 650 | 4 | |a electron density |2 eng | |
| 650 | 4 | |a CO2 reduction |2 eng | |
| 650 | 4 | |a X-ray |2 eng | |
| 650 | 4 | |a transition metal complexes |2 eng | |
| 650 | 4 | |a metal-metal interaction |2 eng | |
| 650 | 4 | |a N-O bond |2 eng | |
| 700 | 1 | |a Bučinský, Lukáš |u 045280 |k Z1 |4 ths |U FCHPT Ústav fyzikálnej chémie a chemickej fyziky |T FCHPT Oddelenie chemickej fyziky |X 19736 |U C5280 |Y 118 |7 A000019736 | |
| 856 | 4 | |u http://is.stuba.sk/zp/portal_zp.pl?podrobnosti=145786 | |